Database Management System (Record no. 175)

MARC details
000 -LEADER
fixed length control field 00446nam a22001697a 4500
005 - DATE AND TIME OF LATEST TRANSACTION
control field 20180312173121.0
008 - FIXED-LENGTH DATA ELEMENTS--GENERAL INFORMATION
fixed length control field 160428b xxu||||| |||| 00| 0 eng d
020 ## - INTERNATIONAL STANDARD BOOK NUMBER
ISBN 0-07-462239-0
041 ## - LANGUAGE CODE
Language code of text/sound track or separate title eng
082 ## - DEWEY DECIMAL CLASSIFICATION NUMBER
Item number 00613
Classification number 005.74
100 ## - MAIN ENTRY--AUTHOR NAME
Personal name Majumdar, Arun and bhattacharya
245 ## - TITLE STATEMENT
Title Database Management System
260 ## - PUBLICATION, DISTRIBUTION, ETC. (IMPRINT)
Place of publication New Delhi
Name of publisher Tata MC Graw Hill,
Year of publication 1996
300 ## - PHYSICAL DESCRIPTION
Number of Pages 475
650 ## - SUBJECT ADDED ENTRY--TOPICAL TERM
Topical Term Information Technology
942 ## - ADDED ENTRY ELEMENTS (KOHA)
Koha item type Books
Holdings
Lost status Damaged status Collection code Home library Current library Shelving location Date acquired Source of acquisition Cost, normal purchase price Full call number Accession Number Koha item type
    CS/IT JRU Library JRU Library SHELF-52-A 28/04/2016 PURCHASE 195.00 005.74 00613 Books
    Reference JRU Library JRU Library SHELF-52-A 28/04/2016   195.00 005.74 00614 Books
    CS/IT JRU Library JRU Library SHELF-52-A 28/04/2016 PURCHASE 195.00 005.74 00615 Books
    CS/IT JRU Library JRU Library SHELF-52-A 26/10/2023   195.00 005.74 00616 Books